1524 1231 1718 1612 1100 1104 1883 1468 1992 1871 1509 1502 1685 1600 1226 1523 1983 1052 1643 1362 1639 1430 1877 1022 1991 1116 1411 1126 1724 1290 1282 1701 1567 1964 1418 1953 1792 1578 1281 1536 1493 1771 1270 2000 1624 1945 1102 1170 1398 1880 1460 1873 1214 1921 1051 1767 1109 1448 1434 1374 1736 1964 1964 1508 1268 1178 1218 1980 1503 1928 1357 1098 1231 1847 1993 1724 1540 1567 1822 1866 1462 1818 1095 1112 1698 1152 1734 1521 1797 1630 1589 1519 1042 1632 1160 1954 1541 1302 1568 BCNSPRNW ULIB Ver.6.0+V

เปลี่ยนเป็นภาษาไทย

Change to English
 แสดงรายละเอียดบรรณานุกรม
  กลับหน้าหลัก

Brief Record : Get Marc (ISO 2709) : E-mail record : QR code < ปิดหน้าต่าง
LEADER : 00000nam 2200000uu 4500
001    13399113409
003     ULIB
008    020711s2553 th a 000 0 tha d
020    ^a9746167205304
099    ^aนว.ม551ล 2553 ล.2
100    ^aมาอายะ
245    ^aเล่ห์รักมาเฟีย2/^cมาอายะ
250    ^aพิมพ์ครั้งที่ 1
260    ^aเม็ดทรายพริ้นติ้ง :^bกรุงเทพฯ,^c2553
300    ^a260 หน้า
945    ^p218^l0^i028075
999 ^a ทศพร
รายการนี้ยังไม่มีแท็ก
คุณยังไม่ได้ล็อกอิน คุณสามารถมีกิจกรรมร่วมกับเว็บไซต์ได้ แต่ต้องล็อกอินก่อน ::
  ล็อกอิน

รายการสื่อสารสนเทศ

ลำดับที่ ประเภท เลขเรียก/บาร์โค้ด สถานที่ สถานะ
1. นวนิยาย
นวนิยาย
นว.ม551ล 2553 ล.2 ฉ.1 
  Barcode: 028075
ห้องสมุดวิทยาเขตสวรรค์ประชารักษ์
►นวนิยาย
บนชั้น
  ขอยืม

รายการใกล้เคียง
    ผู้แต่ง [มาอายะ]

BibComment


ยังไม่เคยถูกคอมเมนท์

คอมเมนท์ทรัพยากรรายการนี้
  คอมเมนท์: เล่ห์รักมาเฟีย2 ..


 Copyright 2026. Bcnsprnw @Library